Geography Quiz

Random Geography or City Quiz

Which Flight is Longer? II Quiz Stats

 Plays Quiz Updated Sep 29, 2014

Challenge
Share
Tweet
Embed
Score 0/20 Timer 08:00
7 Plays Today
Flight A Answer % Correct
Singapore to Jakarta (SIN-CGK)???
66.7%
Dallas to Las Vegas (DFW-LAS)???
65.8%
Philadelphia to Madrid (PHL-MAD)???
64.9%
Miami to Trinidad (MIA-POS) ???
63.8%
Atlanta to Cleveland (ATL-CLE)???
60.8%
London to Paris (LHR-CDG)???
60.6%
Paris to Mauritius (CDG-MRU)???
59.7%
Manchester to London (MAN-LHR)???
58.3%
Doha to Houston (DOH-IAH)???
58.2%
Los Angeles to Anchorage (LAX-ANC)???
57%
Flight A Answer % Correct
Bangkok to Tokyo (BKK-NRT)???
50.7%
Rome to Milan (FCO-MXP)???
50.4%
Lima to Caracas (LIM-CCS)???
49.2%
Lagos to Nairobi (LOS-NBO)???
48.3%
Moscow to St. Petersburg (SVO-LED)???
47%
Frankfurt to Munich (FRA-MUC)???
46.2%
Melbourne to Hobart (MEL-HBA)???
46.2%
Newark to Mumbai (EWR-BOM)???
37.4%
Mexico City to San Francisco (MEX-SFO)???
33.9%
Atlanta to Dubai (ATL-DXB)???
33%

You're not logged in!

Compare scores with friends on all Sporcle quizzes.
Join for Free
OR
Log In

You Might Also Like...

Show Comments

Extras

Top Quizzes Today


Score Distribution

Your Account Isn't Verified!

In order to create a playlist on Sporcle, you need to verify the email address you used during registration. Go to your Sporcle Settings to finish the process.

Report this User

Report this user for behavior that violates our Community Guidelines.

Details: